000 01333nam a2200361Ia 4500
003 OSt
005 20221007121135.0
006 a|||||r|||| 00| 0
007 ta
008 221006b |||||||| |||| 00| 0 eng d
020 _a9783527327508 (hbk)
024 _a163563
037 _b00918, 22/11/2011, Total Books India
_cTextual
040 _aBDL
_cBDL
_beng
041 _2eng
_aeng
082 _aG0bB28, Q1 Carb
100 _aDehmer Matthias Ed.
_9449729
245 0 _aApplied statistics for network biology : Methods in systems biology
_b Emmert-Streib Frank Ed. Graber Armin Ed. Salvador Armindo Ed.
260 _aWeinheim
_bWiley-Black well
_c2011
300 _axxiii; 454p.
_ccm.
490 _vVol.1
_aQuantitative and network biology
500 _aInclude bibliographical references; Index 443-454p.
650 _a Biology
650 _a Gene networks
_9710793
650 _a Network biology
_9710794
650 _a Statistics
650 _aBotany
700 _a Emmert-Streib Frank Ed.
_9449730
700 _a Graber Armin Ed.
_9710795
700 _a Salvador Armindo Ed.
_9710796
942 _hG0bB28, Q1 Carb
_cTEXL
_2CC
999 _c1208489
_d1208489